LEADER 01293nam a2200265 i 4500 001 000000108936 003 CaOOAMICUS 005 20080109160011.0 008 080109s2007 it u000 u ita c 020 $z978-88-452-5842-8* 040 $aUSC$bita$dALB$dPUL$dLDB 245 00$aAllegoristi dell'etą classica :$bZenone di Cizio... [et al.] : opere e frammenti /$ca cura di Ilaria Ramelli ; introduzione di Roberto Radice ; in appendice il Papiro di Derveni con testo greco a fronte. 260 $aMilano :$bBompiani,$c2007. 300 $axlviii 948 p. ;$c22 cm. 490 1 $aBompiani Il pensiero occidentale 700 1 $aRadice, Roberto.$0(OLS)http://pul/name/1240 700 1 $aRamelli, Ilaria.$0(OLS)http://pul/name/55739 830 0$aBompiani Il pensiero occidentale.$0(OLS)http://pul/title/99836 850 $aPUL 852 $aPUL$W1$xSL Filosofia 3$y81$m190 COLL 2.4$j124491$qDDC 21$B123143$CPULBib$Z2$F123143 $H106008 $82 941 1 $a9 983 3$aIl pensiero occidentale (Bompiani) 996 $6020$z978-88-452-5842-8*$9(OLS)http://pul/number/136643 996 $6245$aAllegoristi dell'etą classica :$bZenone di Cizio... [et al.] : opere e frammenti$9(OLS)http://pul/title/137064 996 $6260$aMilano :$bBompiani$9(OLS)http://pul/publisher/48240 LEADER 01448nam a2200337 a 4500 001 000000159226 003 CaOOAMICUS 005 20170302114420.0 008 170302s2017 it u000 u ita r 020 $a978-88-394-0904-1* 032 $aLibriCat 040 $aPUL$bita 041 1 $aita$hheb 082 04$a291.205 245 00$aDue trattati rabbinici di galateo :$bDerek eres rabbah e Derek eres zuta /$ca cura di Ilaria Briata. 260 $aBrescia :$bPaideia,$c©2017. 300 $a187 p. ;$c21 cm. 490 1 $aTesti del Vicino Oriente antico.$a06, Letteratura ebraica e aramaica ;$v04 500 $aComprende indici. 504 $aBibliografia p. 165-[180]. 650 4$aLetteratura ebraica.$0(OLS)http://pul/subject/8236 700 1 $aBriata, Ilaria.$0(OLS)http://pul/name/101760 830 0$aTesti del Vicino Oriente antico.$pLetteratura ebraica e aramaica ;$v04.$0(OLS)http://pul/title/167697 850 $aPUL 852 $aPUL$W1$xSL Religione 3$y85$m291. 205 COLL 1.4$j182532$qDDC 21$B185740$CPULBib$Z2$F185740 $H129056 $81 941 1 $a9 996 $6020$a978-88-394-0904-1*$9(OLS)http://pul/number/162141 996 $6082$a291.205$9(OLS)http://pul/classification/2114 996 $6245$aDue trattati rabbinici di galateo :$bDerek eres rabbah e Derek eres zuta$9(OLS)http://pul/title/198840 996 $6260$aBrescia :$bPaideia$9(OLS)http://pul/publisher/47884 LEADER 01340nam a2200265 a 4500 001 000000163944 003 CaOOAMICUS 005 20171107113100.0 008 171107s1991 it m u000 udita r 032 $aLibriCat 040 $aPUL$bita 100 1 $aCaputa, Giovanni.$0(OLS)http://pul/name/77455 245 13$aIl sacerdozio comune dei fedeli nelle opere teologiche di s. Beda il Venerabile (672/3-735) : $bcontributo a una teologia liturgico-spirituale /$cGiovanni Caputa. 260 $aRoma :$b[s.n.],$c1991. 300 $a106 p. ;$c24 cm. 502 $aEstratto di Tesi. Universitą Pontificia Salesiana. Facoltą di teologia. 1991. 504 $aBibliografia in nota a pič pagina. 600 04$aBeda Venerabilis,$cs.,$d673-735.$0(OLS)http://pul/subject/13008 710 2 $aPontificia Universitą Salesiana.$bFacoltą di teologia.$kTesi.$0(OLS)http://pul/name/12417 850 $aPUL 852 $aPUL$W1$xDP1 Tesi Pon. Univ. Salesiana$y46$mTH SAL 281$j188057$qTesi$B191216$CPULBib$Z2$F191216 $H68950 $82 941 1 $a16 996 $6245$aIl sacerdozio comune dei fedeli nelle opere teologiche di s. Beda il Venerabile (672/3-735) : $bcontributo a una teologia liturgico-spirituale$9(OLS)http://pul/title/203643 996 $6260$aRoma :$b[s.n.]$9(OLS)http://pul/publisher/47958